|
|
|
|
| LEADER |
00000nab a2200000 a 4500 |
| 001 |
vtls000047749 |
| 003 |
SK-MaSNL |
| 005 |
20260324140434.0 |
| 008 |
160115c1979 xo 0 slo |
| 015 |
|
|
|a SNBRB19rr/mm-uuuuu
|
| 035 |
|
|
|a CL0057845
|
| 040 |
|
|
|a SNKBUCL
|b slo
|c SNKBUCL
|e AACR2
|
| 041 |
0 |
|
|a slo
|
| 044 |
|
|
|a xo
|c SK
|
| 080 |
|
|
|a 343
|2 1981
|
| 080 |
|
|
|a 344
|2 1981
|
| 100 |
1 |
|
|a Vaľová, Viktória
|4 aut
|9 1179882
|
| 245 |
1 |
0 |
|a Vývin stanného práva na našom území
|c Viktória Vaľová
|
| 300 |
|
|
|b Res. rus., angl.
|
| 650 |
0 |
7 |
|a stanné právo
|2 snkbucl
|9 4508
|
| 650 |
0 |
7 |
|a dejiny
|2 snkbucl
|9 3825
|
| 650 |
0 |
7 |
|a právny poriadok
|2 snkbucl
|9 75668
|
| 651 |
|
7 |
|a Československo
|2 snkbucl
|9 21376
|
| 655 |
|
7 |
|a články z novín a časopisov
|2 snkbucl
|9 267496
|
| 773 |
0 |
|
|t Právny obzor
|g Roč. 62, č. 9 (1979), s. 722-736
|
| 850 |
|
|
|a Slovenská národná knižnica v Martine
|a MTA001
|
| 852 |
|
|
|a SNK
|b KIS3GCP
|
| 958 |
|
|
|a RK
|
| 992 |
|
|
|a RBX
|
| 999 |
|
|
|c 3261330
|d 3263260
|